| 000 | 00490nam a2200169 i 4500 | ||
|---|---|---|---|
| 001 | 88317 | ||
| 003 | ES-MaACL | ||
| 005 | 20230906175834.0 | ||
| 007 | t| | ||
| 008 | 050104s1970 sp ||||1| spa d | ||
| 100 | 1 |
_aLamet, Pedro Miguel. _969846 |
|
| 245 | 1 | 3 |
_aEl Dios sin Dios de la poesÃa contemporánea / _cPedro Miguel Lamet. |
| 260 |
_aBilbao : _bMensajero, _c[1970] |
||
| 300 |
_a222 p. ; _c19 cm. |
||
| 852 |
_aES-MaACL _jC-40046 _bR.74171 |
||
| 852 |
_aES-MaACL _jC-44870 _bR.74490 |
||
| 999 |
_c88317 _d88317 |
||